[Event "GER-ch Youth U18 2019"]
[Site "Willingen"]
[Date "2019.06.09"]
[Round "1.11"]
[White "Vuckovic, Zarko"]
[Black "Lange, Jannis"]
[Result "1-0"]
[WhiteElo "2132"]
[BlackElo "2024"]
[Annotator "ChessBase"]
[PlyCount "45"]
[EventDate "2019.06.07"]
[EventType "swiss"]
[EventRounds "9"]
[EventCountry "GER"]
[SourceTitle "playchess.com"]
[Source "ChessBase"]
[SourceQuality "1"]
[TimeControl "40/5400+30:1800+30"]

1. e4 {[%emt 0:00:00]} c5 {[%emt 0:00:00]} 2. Nc3 {[%emt 0:00:00]} Nc6 {[%emt 0:00:00]} 3. g3 {[%emt 0:00:00]} g6 {[%emt 0:00:00]} 4. d3 {[%emt 0:00:00]} Bg7 {[%emt 0:00:06]} 5. Be3 {[%emt 0:00:00]} d6 {[%emt 0:00:07]} 6. Qd2 {[%emt 0:00:00]} Rb8 {[%emt 0:00:46]} 7. Bg2 {[%emt 0:00:06]} b5 {[%emt 0:00:34]} 8. f4 {[%emt 0:00:06]} b4 {[%emt 0:00:48]} 9. Nd1 {[%emt 0:00:02]} e6 {[%emt 0:01:31]} 10. Nf3 {[%emt 0:00:37]} Nd4 {[%emt 0:00:55]} 11. O-O {[%emt 0:02:34]} Ne7 {[%emt 0:01:27]} 12. Nh4 {[%emt 0:01:32]} O-O {[%emt 0:04:19]} 13. c3 {[%emt 0:03:32]} bxc3 {[%emt 0:01:07]} 14. bxc3 {[%emt 0:00:07]} Ndc6 {[%emt 0:00:05]} 15. f5 {[%emt 0:01:39]} exf5 {[%emt 0:08:13]} 16. exf5 {[%emt 0:00:10]} gxf5 {[%emt 0:01:20]} 17. Bg5 {[%emt 0:00:59]} Qa5 {[%emt 0:12:49]} 18. Bxc6 {[%emt 0:10:05]} Nxc6 {[%emt 0:00:06]} 19. Bh6 {[%emt 0:00:05]} Ne7 {[%emt 0:10:48]} 20. Bxg7 {[%emt 0:00:52]} Kxg7 {[%emt 0:00:08]} 21. Qg5+ {[%emt 0:00:17]} Ng6 {[%emt 0:00:07]} 22. Ne3 {[%emt 0:00:09]} Qxc3 {[%emt 0:13:41]} 23. Nexf5+ {[%emt 0:00:30] normal} 1-0

[Event "GER-ch Youth U18 2019"]
[Site "Willingen"]
[Date "2019.06.09"]
[Round "1.12"]
[White "Knoedler, Marcel"]
[Black "Maetzkow, Maximilian Paul"]
[Result "*"]
[WhiteElo "1633"]
[BlackElo "2338"]
[Annotator "TA"]
[PlyCount "36"]
[EventDate "2019.06.07"]
[EventType "swiss"]
[EventRounds "9"]
[EventCountry "GER"]
[SourceTitle "playchess.com"]
[Source "ChessBase"]
[SourceQuality "1"]

{[%evp 9,36,14,8,0,0,0,0,0,0,-9,0,0,0,-4,35,-14,-14,-14,-18,-29,-36,-32,-29,-43,-33,-93,-77,-177,-166]} 1. c4 c5 2. g3 Nc6 3. Bg2 g6 4. Nc3 Bg7 5. d3 e6 6. e3 {A36: Symmetrical English vs ...g6: 4 Bg2 Bg7} (6. Bd2 Nge7 7. Qc1 h6 8. Nf3 b6 9. h4 Bb7 10. Rb1 Nd4 11. Ne4 d5 12. cxd5 exd5 13. Nc3 Rc8 14. O-O {1-0 (37) Duda,J (2737)-So,W (2780) chess.com INT 2018}) 6... Nge7 7. Nge2 O-O 8. O-O {The position is equal.} d5 9. cxd5 exd5 10. d4 cxd4 11. Nxd4 Be6 $146 ({Predecessor:} 11... Nxd4 12. exd4 Qb6 13. Nxd5 Nxd5 14. Bxd5 {½-½ (27) Xu,H (2222)-Gu,T (2197) Shenzhen 2017}) 12. b3 Nxd4 13. exd4 Rc8 14. Bb2 Qd7 15. Qd2 Nf5 $36 {[%mdl 2048] Black is pushing.} 16. Ne2 Bh6 17. f4 (17. Qd3 $15) 17... Rfe8 $17 18. Ba3 {[#]} (18. Rac1 $17) 18... Ne3 $1 {[%mdl 512] Accuracy: White = 37%, Black = 93%.} *

[Event "GER-ch Youth U18 2019"]
[Site "Willingen"]
[Date "2019.06.09"]
[Round "1.13"]
[White "Kuznecovs, Nikita"]
[Black "Rockmann, Jan-Okke"]
[Result "1-0"]
[WhiteElo "2317"]
[BlackElo "1816"]
[Annotator "TA"]
[PlyCount "75"]
[EventDate "2019.06.07"]
[EventType "swiss"]
[EventRounds "9"]
[EventCountry "GER"]
[SourceTitle "playchess.com"]
[Source "ChessBase"]
[SourceQuality "1"]

{[%evp 11,75,16,23,19,15,19,34,1,37,30,34,31,30,45,78,68,217,53,47,60,61,62,43,0,0,-27,-10,-10,-15,-26,-11,-38,0,0,0,0,50,44,48,6,58,48,55,9,66,66,66,72,65,69,95,103,102,40,101,55,66,66,195,189,351,351,351,341,389,322]} 1. e4 e5 2. Nf3 Nc6 3. d4 exd4 4. Nxd4 Bb4+ 5. c3 Bc5 6. Nxc6 bxc6 7. Bd3 {C45: Scotch Game} d6 8. O-O Ne7 9. Bg5 {White is slightly better.} f6 (9... h6 $5 {[%cal Rh6g5]} 10. Bh4 a5 $11) 10. Bh4 Ng6 11. Bg3 O-O 12. Nd2 Bb6 $146 ({Predecessor:} 12... f5 13. exf5 Bxf5 14. Bxf5 Rxf5 {1-0 (28) Morozevich,A (2774)-Sokolov,I (2690) Sarajevo 2008}) 13. a4 {aiming for a5.} f5 {[#]} (13... Ne5 $14) 14. a5 $2 (14. exf5 $1 $18 Bxf5 15. Ba6) 14... f4 $1 $14 15. axb6 cxb6 16. Nc4 Be6 17. Qh5 {With the idea e5.} b5 18. Nd2 fxg3 19. hxg3 Ne5 20. Be2 Qb6 21. Qg5 Rf6 22. Nf3 h6 23. Qd2 Nxf3+ 24. gxf3 a5 25. Qd4 c5 ({Black should play} 25... Qxd4 $11 26. cxd4 Bc4 27. Bxc4+ bxc4) 26. Qd2 a4 27. Rfc1 Ra7 (27... g5 $11) 28. f4 Rf8 29. Rd1 Rd8 30. Qe3 Bb3 31. Rd2 Re7 32. Bf3 (32. Bd1 $16) 32... Qc7 ({Black should try} 32... b4 $14) 33. Bg2 Rde8 34. Qd3 {[%mdl 64] [#] Double Attack} Re6 (34... Rb8 $14) 35. Qxb5 $18 Rxe4 $2 (35... Qf7 36. f5 Rf6) 36. Bxe4 Rxe4 37. Qa6 {Strongly threatening Qa8+.} Qe7 {Hoping for ...Re1+.} 38. Qxd6 {Accuracy: White = 54%, Black = 33%.} 1-0

[Event "GER-ch Youth U18 2019"]
[Site "Willingen"]
[Date "2019.06.09"]
[Round "1.14"]
[White "Sureshkumar, Atchuthan"]
[Black "Muetsch, Annmarie"]
[Result "0-1"]
[WhiteElo "1502"]
[BlackElo "2266"]
[Annotator "TA"]
[PlyCount "64"]
[EventDate "2019.06.07"]
[EventType "swiss"]
[EventRounds "9"]
[EventCountry "GER"]
[SourceTitle "playchess.com"]
[Source "ChessBase"]
[SourceQuality "1"]

{[%evp 11,65,19,35,-4,-8,-20,17,-16,0,0,64,-156,-173,-233,-229,-232,-246,-361,-310,-377,-303,-397,-385,-434,-427,-473,-472,-461,-452,-551,-543,-551,-541,-637,-636,-631,-608,-676,-664,-666,-682,-690,-684,-709,-703,-732,-732,-910,-895,-1075,-1060,-1001,-967,-6199,-1387,-3074]} 1. e4 c5 2. Nf3 e6 3. Nc3 Nc6 4. d4 cxd4 5. Nxd4 Qc7 6. Be3 a6 7. Bc4 {B48: Sicilian: Taimanov: 5 Nc3 Qc7 6 Be3 a6 without Be2} (7. Qf3 Nf6 8. O-O-O Ne5 9. Qg3 b5 10. a3 Bb7 11. Bxb5 Rc8 12. Ba4 Nxe4 13. Nxe4 Bxe4 14. Bf4 Qa5 15. Bxe5 Qxa4 {1-0 (66) Vachier Lagrave,M (2778)-Harikrishna,P (2729) Germany 2019}) 7... Nf6 8. f3 h5 9. h4 $146 {The position is equal.} ({Predecessor:} 9. Qd2 b5 10. Bb3 Bb7 11. Nxc6 Bxc6 12. O-O-O a5 13. e5 Qxe5 14. Bf4 Qc5 {0-1 (40) Valsamidis,I-Botsari,A (2325) Kavala 2000}) 9... Bc5 10. Qd2 Ba7 (10... Ne5 $11 11. Bb3 b5) 11. O-O-O $2 (11. Nxc6 $14 {keeps the upper hand.} Bxe3 12. Qxe3) 11... Nxd4 $17 {[%mdl 64] Discovered Attack} 12. Bxd4 (12. e5 {was necessary.} Nh7 13. Bxd4 Qxc4 14. Bxa7 Rxa7 15. Qe3) 12... Qxc4 $19 13. Bxa7 Rxa7 14. Rdg1 (14. Qg5 $142 Kf8 15. Qe3) 14... d5 {[%cal Rd5e4]} 15. exd5 Nxd5 16. Nxd5 Qxd5 17. Qc3 {Strongly threatening Rd1.} O-O {Black is clearly winning.} 18. g4 hxg4 19. Rxg4 {[%csl Gg4][%cal Rc3g7]} e5 20. Rg3 b5 21. Qe3 {Threatening mate with Rxg7+!} Rd8 ({Stronger than} 21... Qxa2 {[#]} 22. Rxg7+ $1 {[%mdl 512]} Kxg7 23. Qg5+ Kh7 24. Qh5+ Kg7 25. Qg5+ Kh7 26. Qh5+ Kg7 27. Qg5+ $11) 22. b3 Qd4 23. Qxd4 Rxd4 24. h5 Kh7 25. Rg2 Rc7 26. Kb2 b4 27. a3 a5 {[%cal Ba6a5,Ba5b4][%mdl 32]} 28. Rgh2 Bf5 29. h6 g5 30. axb4 axb4 31. Re1 f6 32. Re3 {[#]} Rd1 {Played: Rd4-h4} 0-1

[Event "GER-ch Youth U18 2019"]
[Site "Willingen"]
[Date "2019.06.09"]
[Round "2.1"]
[White "Browning, Alex"]
[Black "Engel, Luis"]
[Result "0-1"]
[WhiteElo "2319"]
[BlackElo "2512"]
[Annotator "ChessBase"]
[PlyCount "56"]
[EventDate "2019.06.07"]
[EventType "swiss"]
[EventRounds "9"]
[EventCountry "GER"]
[SourceTitle "playchess.com"]
[Source "ChessBase"]
[SourceQuality "1"]
[TimeControl "40/5400+30:1800+30"]

1. c4 {[%emt 0:00:00]} e5 {[%emt 0:00:00]} 2. Nc3 {[%emt 0:00:00]} Nc6 {[%emt 0:00:00]} 3. Nf3 {[%emt 0:00:26]} Nf6 {[%emt 0:00:31]} 4. g3 {[%emt 0:00:36]} d5 {[%emt 0:00:28]} 5. cxd5 {[%emt 0:00:30]} Nxd5 {[%emt 0:00:06]} 6. Bg2 {[%emt 0:01:38]} Nb6 {[%emt 0:00:07]} 7. O-O {[%emt 0:00:11]} Be7 {[%emt 0:00:04]} 8. a4 {[%emt 0:02:55]} a5 {[%emt 0:02:32]} 9. d3 {[%emt 0:04:03]} Be6 {[%emt 0:03:05]} 10. Be3 {[%emt 0:06:20]} f5 {[%emt 0:04:18]} 11. Qd2 {[%emt 0:10:33]} h6 {[%emt 0:11:58]} 12. Rfc1 {[%emt 0:02:48]} O-O {[%emt 0:05:31]} 13. Nb5 {[%emt 0:03:26]} Bf6 {[%emt 0:11:33]} 14. Ne1 {[%emt 0:11:48]} Nd5 {[%emt 0:03:03]} 15. Bc5 {[%emt 0:04:43]} Rf7 {[%emt 0:04:12]} 16. Nc2 {[%emt 0:08:29]} Qd7 {[%emt 0:06:50]} 17. e4 {[%emt 0:07:22]} fxe4 {[%emt 0:01:39]} 18. dxe4 {[%emt 0:00:37]} Bg5 {[%emt 0:10:44]} 19. Qe2 {[%emt 0:07:20]} Bxc1 {[%emt 0:00:24]} 20. exd5 {[%emt 0:00:28]} Bxd5 {[%emt 0:00:07]} 21. Nxc7 {[%emt 0:03:15]} Bxg2 {[%emt 0:00:18]} 22. Nxa8 {[%emt 0:00:25]} Bf3 {[%emt 0:00:36]} 23. Nb6 {[%emt 0:05:09]} Bxe2 {[%emt 0:06:18]} 24. Nxd7 {[%emt 0:00:14]} Bxb2 {[%emt 0:00:15]} 25. Rb1 {[%emt 0:02:31]} Bd4 {[%emt 0:04:47]} 26. Nxd4 {[%emt 0:03:35]} exd4 {[%emt 0:00:06]} 27. Rxb7 {[%emt 0:01:58]} Bg4 {[%emt 0:00:41]} 28. Be7 {[%emt 0:02:01]} Rxe7 {[%emt 0:00:14] normal} 0-1

[Event "GER-ch Youth U18 2019"]
[Site "Willingen"]
[Date "2019.06.09"]
[Round "2.2"]
[White "Buckels, Valentin"]
[Black "Vuckovic, Zarko"]
[Result "1-0"]
[WhiteElo "2443"]
[BlackElo "2132"]
[Annotator "NA"]
[PlyCount "63"]
[EventDate "2019.06.07"]
[EventType "swiss"]
[EventRounds "9"]
[EventCountry "GER"]
[SourceTitle "playchess.com"]
[Source "ChessBase"]
[SourceQuality "1"]
[TimeControl "40/5400+30:1800+30"]

1. Nf3 {[%emt 0:00:00]} Nf6 {[%emt 0:00:00]} 2. g3 {[%emt 0:00:00]} d5 {[%emt 0:00:33]} 3. Bg2 {[%emt 0:00:44]} Nc6 {[%emt 0:01:20]} 4. d4 {[%emt 0:01:39]} Bg4 {[%emt 0:00:53]} 5. h3 {[%emt 0:03:01]} Bxf3 {[%emt 0:02:02]} 6. exf3 {[%emt 0:00:25]} g6 {[%emt 0:02:06]} 7. O-O {[%emt 0:06:12]} Bg7 {[%emt 0:00:05]} 8. c3 {[%emt 0:01:24]} O-O {[%emt 0:01:08]} 9. Re1 {[%emt 0:00:21]} e6 {[%emt 0:00:53]} 10. Nd2 {[%emt 0:04:53]} b6 {[%emt 0:05:13]} 11. Nf1 {[%emt 0:10:34]} Ne7 {[%emt 0:00:26]} 12. g4 {[%emt 0:00:20]} c5 {[%emt 0:00:15]} 13. Be3 {[%emt 0:01:11]} cxd4 {[%emt 0:07:28]} 14. cxd4 {[%emt 0:00:39]} Ne8 {[%emt 0:00:30]} 15. Ng3 {[%emt 0:02:33]} Nd6 {[%emt 0:00:12]} 16. b3 {[%emt 0:03:39]} Nc6 {[%emt 0:01:34]} 17. f4 {[%emt 0:05:37]} Rc8 {[%emt 0:05:15]} 18. Rc1 {[%emt 0:04:54]} Nb5 {[%emt 0:04:11]} 19. Ne2 {[%emt 0:01:44]} Qd7 {[%emt 0:05:21]} 20. Qd2 {[%emt 0:02:31]} Rc7 {[%emt 0:02:30]} 21. f5 {[%emt 0:04:44]} exf5 {[%emt 0:02:04]} 22. gxf5 {[%emt 0:01:47]} Qxf5 {[%emt 0:02:20]} 23. a4 {[%emt 0:13:01]} Nd6 {[%emt 0:00:09]} 24. Ng3 {[%emt 0:00:24]} Qd7 {[%emt 0:00:15]} 25. Bxd5 {[%emt 0:00:51]} Ne7 {[%emt 0:00:18]} 26. Rxc7 {[%emt 0:02:19]} Qxc7 {[%emt 0:01:26]} 27. Bg2 {[%emt 0:00:24]} Ndf5 {[%emt 0:00:19]} 28. Bf4 {[%emt 0:05:03]} Qd7 {[%emt 0:00:29]} 29. d5 {[%emt 0:00:54]} Nh4 {[%emt 0:10:21]} 30. d6 {[%emt 0:02:36]} Nc8 {[%emt 0:01:51]} 31. Ne4 {[%emt 0:06:00]} Re8 {[%emt 0:05:03]} 32. Bg5 {[%emt 0:08:12] normal} 1-0

[Event "GER-ch Youth U18 2019"]
[Site "Willingen"]
[Date "2019.06.09"]
[Round "2.3"]
[White "Maetzkow, Maximilian Paul"]
[Black "Roseneck, Jonas"]
[Result "1/2-1/2"]
[WhiteElo "2338"]
[BlackElo "2403"]
[Annotator "NA"]
[PlyCount "46"]
[EventDate "2019.06.07"]
[EventType "swiss"]
[EventRounds "9"]
[EventCountry "GER"]
[SourceTitle "playchess.com"]
[Source "ChessBase"]
[SourceQuality "1"]
[TimeControl "40/5400+30:1800+30"]

1. e4 {[%emt 0:00:00]} c5 {[%emt 0:00:00]} 2. Nf3 {[%emt 0:00:00]} d6 {[%emt 0:00:00]} 3. d4 {[%emt 0:00:00]} cxd4 {[%emt 0:00:05]} 4. Nxd4 {[%emt 0:00:00]} Nf6 {[%emt 0:00:03]} 5. Nc3 {[%emt 0:00:02]} a6 {[%emt 0:00:02]} 6. h3 {[%emt 0:00:11]} e5 {[%emt 0:01:30]} 7. Nde2 {[%emt 0:00:06]} h5 {[%emt 0:00:09]} 8. Bg5 {[%emt 0:00:26]} Be6 {[%emt 0:01:47]} 9. Bxf6 {[%emt 0:00:13]} Qxf6 {[%emt 0:00:05]} 10. Nd5 {[%emt 0:00:07]} Qd8 {[%emt 0:00:06]} 11. Nec3 {[%emt 0:00:19]} g6 {[%emt 0:05:51]} 12. Bc4 {[%emt 0:02:07]} Bh6 {[%emt 0:02:45]} 13. O-O {[%emt 0:01:27]} O-O {[%emt 0:03:28]} 14. Qd3 {[%emt 0:02:21]} Nc6 {[%emt 0:01:01]} 15. Rad1 {[%emt 0:01:55]} Rc8 {[%emt 0:06:06]} 16. Bb3 {[%emt 0:10:44]} Nd4 {[%emt 0:03:20]} 17. Ne2 {[%emt 0:20:52]} Nxb3 {[%emt 0:07:30]} 18. Qxb3 {[%emt 0:05:17]} b5 {[%emt 0:05:59]} 19. a4 {[%emt 0:06:17]} Kh8 {[%emt 0:22:52]} 20. axb5 {[%emt 0:03:17]} axb5 {[%emt 0:00:51]} 21. Nec3 {[%emt 0:29:35]} f5 {[%emt 0:11:28]} 22. Qxb5 {[%emt 0:01:02]} fxe4 {[%emt 0:10:06]} 23. Qe2 {[%emt 0:00:37]} Bxd5 {[%emt 0:05:06] normal} 1/2-1/2

[Event "GER-ch Youth U18 2019"]
[Site "Willingen"]
[Date "2019.06.09"]
[Round "2.4"]
[White "Muckle, Julius"]
[Black "Kuznecovs, Nikita"]
[Result "0-1"]
[WhiteElo "2370"]
[BlackElo "2317"]
[Annotator "NA"]
[PlyCount "47"]
[EventDate "2019.06.07"]
[EventType "swiss"]
[EventRounds "9"]
[EventCountry "GER"]
[SourceTitle "playchess.com"]
[Source "ChessBase"]
[SourceQuality "1"]
[TimeControl "40/5400+30:1800+30"]

1. d4 {[%emt 0:00:00]} Nf6 {[%emt 0:00:00]} 2. c4 {[%emt 0:00:00]} e6 {[%emt 0:00:00]} 3. Nc3 {[%emt 0:00:00]} Bb4 {[%emt 0:00:00]} 4. e3 {[%emt 0:00:00]} O-O {[%emt 0:00:01]} 5. Bd3 {[%emt 0:00:00]} c5 {[%emt 0:00:08]} 6. Nf3 {[%emt 0:00:00]} b6 {[%emt 0:00:06]} 7. O-O {[%emt 0:00:00]} Bb7 {[%emt 0:00:05]} 8. Bd2 {[%emt 0:00:00]} cxd4 {[%emt 0:00:43]} 9. exd4 {[%emt 0:00:00]} d5 {[%emt 0:00:23]} 10. cxd5 {[%emt 0:00:15]} Bxc3 {[%emt 0:18:13]} 11. bxc3 {[%emt 0:00:59]} Qxd5 {[%emt 0:00:07]} 12. Re1 {[%emt 0:05:37]} Nbd7 {[%emt 0:00:22]} 13. Rb1 {[%emt 0:09:46]} Qxa2 {[%emt 0:13:58]} 14. Re3 {[%emt 0:40:33]} Qd5 {[%emt 0:11:42]} 15. Rb5 {[%emt 0:07:09]} Qd6 {[%emt 0:00:20]} 16. Ne5 {[%emt 0:05:05]} Ba6 {[%emt 0:02:10]} 17. Nxd7 {[%emt 0:04:07]} Qxd7 {[%emt 0:00:09]} 18. Rg5 {[%emt 0:00:12]} Bxd3 {[%emt 0:00:09]} 19. Rxd3 {[%emt 0:00:03]} Ne4 {[%emt 0:04:35]} 20. Re5 {[%emt 0:01:39]} Nxd2 {[%emt 0:04:10]} 21. Qxd2 {[%emt 0:00:02]} f6 {[%emt 0:10:18]} 22. Re4 {[%emt 0:02:07]} a5 {[%emt 0:02:20]} 23. Qe2 {[%emt 0:03:55]} Rfe8 {[%emt 0:25:02]} 24. Rde3 {[%emt 0:00:22] normal} 0-1

[Event "GER-ch Youth U18 2019"]
[Site "Willingen"]
[Date "2019.06.09"]
[Round "2.5"]
[White "Muetsch, Annmarie"]
[Black "Riess, Alexander"]
[Result "0-1"]
[WhiteElo "2266"]
[BlackElo "2305"]
[Annotator "TA"]
[PlyCount "30"]
[EventDate "2019.06.07"]
[EventType "swiss"]
[EventRounds "9"]
[EventCountry "GER"]
[SourceTitle "playchess.com"]
[Source "ChessBase"]
[SourceQuality "1"]

{[%evp 17,67,0,0,0,0,0,18,0,0,0,20,0,0,0,17,17,12,0,5,0,0,-9,0,-14,-7,-9,0,-4,-15,-14,-12,-12,0,-24,0,-18,-18,-19,-19,-23,-22,-49,-53,-97,-77,-90,-83,-106,-80,-118,-108,-124]} 1. e4 e5 2. Nf3 Nc6 3. Bc4 Bc5 4. c3 Nf6 5. d4 exd4 6. e5 d5 7. Bb5 Ne4 8. cxd4 Bb6 9. Nc3 O-O 10. Be3 {C54: Giuoco Piano: 4 c3 Nf6, main lines with 5 d4 and 5 d3} Bg4 11. h3 Bh5 12. Qc2 {The position is equal.} Bg6 {[#] ...Nxc3 is the strong threat.} 13. Qb3 Ne7 14. O-O c6 {Threatens to win with ...Nxc3.} 15. Bd3 Nxc3 {Played: Ne4-d2} 0-1

[Event "GER-ch Youth U18 2019"]
[Site "Willingen"]
[Date "2019.06.09"]
[Round "2.6"]
[White "Arndt, Magnus"]
[Black "Faerber, David"]
[Result "1/2-1/2"]
[WhiteElo "2186"]
[BlackElo "2293"]
[Annotator "NA"]
[PlyCount "42"]
[EventDate "2019.06.07"]
[EventType "swiss"]
[EventRounds "9"]
[EventCountry "GER"]
[SourceTitle "playchess.com"]
[Source "ChessBase"]
[SourceQuality "1"]
[TimeControl "40/5400+30:1800+30"]

1. d4 {[%emt 0:00:00]} Nf6 {[%emt 0:00:18]} 2. Bf4 {[%emt 0:00:00]} c5 {[%emt 0:00:18]} 3. e3 {[%emt 0:00:06]} cxd4 {[%emt 0:01:14]} 4. exd4 {[%emt 0:00:09]} Qb6 {[%emt 0:00:19]} 5. Na3 {[%emt 0:06:24]} a6 {[%emt 0:15:12]} 6. Nc4 {[%emt 0:01:51]} Qe6+ {[%emt 0:01:44]} 7. Be2 {[%emt 0:03:03]} b5 {[%emt 0:06:20]} 8. Ne3 {[%emt 0:08:54]} Bb7 {[%emt 0:01:49]} 9. Nf3 {[%emt 0:02:25]} g6 {[%emt 0:01:57]} 10. O-O {[%emt 0:02:32]} Bg7 {[%emt 0:00:02]} 11. c3 {[%emt 0:22:19]} O-O {[%emt 0:02:47]} 12. a4 {[%emt 0:00:27]} bxa4 {[%emt 0:15:53]} 13. Qxa4 {[%emt 0:04:52]} d6 {[%emt 0:10:53]} 14. Rfe1 {[%emt 0:07:14]} Qd7 {[%emt 0:09:08]} 15. Nc4 {[%emt 0:09:03]} Nd5 {[%emt 0:05:10]} 16. Bg3 {[%emt 0:01:15]} Qxa4 {[%emt 0:02:41]} 17. Rxa4 {[%emt 0:00:06]} Nc6 {[%emt 0:00:09]} 18. Nfd2 {[%emt 0:07:57]} Rfe8 {[%emt 0:04:17]} 19. Bf3 {[%emt 0:02:40]} Nc7 {[%emt 0:02:11]} 20. h3 {[%emt 0:02:03]} Rab8 {[%emt 0:02:28]} 21. Raa1 {[%emt 0:04:52]} Bf8 {[%emt 0:03:02] normal} 1/2-1/2

[Event "GER-ch Youth U18 2019"]
[Site "Willingen"]
[Date "2019.06.09"]
[Round "2.7"]
[White "Ewert, Hannes"]
[Black "Hinrichs, Niklas"]
[Result "1-0"]
[WhiteElo "2268"]
[BlackElo "2115"]
[Annotator "TA"]
[PlyCount "67"]
[EventDate "2019.06.07"]
[EventType "swiss"]
[EventRounds "9"]
[EventCountry "GER"]
[SourceTitle "playchess.com"]
[Source "ChessBase"]
[SourceQuality "1"]

{[%evp 17,67,0,27,0,0,-22,-9,-11,-8,-22,-40,-40,-60,-50,-45,-50,-20,-24,0,-7,13,21,61,17,47,-6,0,0,0,0,0,0,0,0,0,0,42,0,55,41,55,8,8,8,8,8,39,39,46,46,46,39]} 1. e4 c5 2. Nc3 Nc6 3. Nf3 g6 4. d4 cxd4 5. Nxd4 Bg7 6. Be3 d6 7. Bc4 Nf6 8. h3 O-O 9. Bb3 a6 10. O-O {B72: Sicilian Dragon: 6 Be3, lines with h3+Bc4 and sidelines} Na5 11. Re1 b5 12. Bg5 {The position is equal.} h6 $146 ({Predecessor:} 12... Nxb3 13. axb3 Bb7 14. Nd5 Re8 15. c4 bxc4 16. bxc4 e6 17. Nxf6+ Bxf6 18. Bxf6 Qxf6 {½-½ (49) Sanchez,J (2526)-Gharamian,T (2671) Cappelle-la-Grande 2012}) 13. Bxf6 Bxf6 14. Bd5 Rb8 15. b4 Qb6 $1 {[%cal Rb6d4]} 16. Nce2 Nb7 17. Qd2 Kh7 18. a4 {[%cal Ba2a4,Ba4a5][%mdl 32]} Bd7 19. a5 Qc7 20. Rec1 e6 21. Bb3 (21. c4 $14 Qd8 22. cxb5 Bxb5 23. Bc4 Bxc4 24. Rxc4) 21... Nc5 22. bxc5 dxc5 23. Nf3 {And now e5 would win.} Bxa1 24. Rxa1 c4 25. Ba2 Bc6 26. Ng3 e5 27. Qb4 Bb7 (27... Rfd8 $11) 28. Re1 Rfd8 29. h4 h5 30. Bb1 f6 31. c3 Rd7 32. Bc2 {White is slightly better.} Rbd8 33. Nf1 Kg7 34. Ne3 {Accuracy: White = 54%, Black = 48%.} 1-0

[Event "GER-ch Youth U18 2019"]
[Site "Willingen"]
[Date "2019.06.09"]
[Round "2.8"]
[White "Martin, Julian"]
[Black "Parvanyan, Ashot"]
[Result "1/2-1/2"]
[WhiteElo "2370"]
[BlackElo "2421"]
[Annotator "TA"]
[PlyCount "48"]
[EventDate "2019.06.07"]
[EventType "swiss"]
[EventRounds "9"]
[EventCountry "GER"]
[SourceTitle "playchess.com"]
[Source "ChessBase"]
[SourceQuality "1"]

{[%evp 17,48,0,21,0,0,0,0,0,0,-7,-16,-18,-10,-8,-4,-8,0,0,8,10,11,0,0,0,8,0,16,12,16,17,15,5,77]} 1. e4 e6 2. d4 d5 3. Nc3 Bb4 4. e5 Ne7 5. a3 Bxc3+ 6. bxc3 c5 7. Qg4 Qc7 8. Bd3 c4 9. Be2 Nf5 {The position is equal.} 10. Bd1 {C18: French: 3 Nc3 Bb4: Main line: 7 h4 and 7 Qg4} (10. h4 Bd7 11. h5 h6 12. a4 Nc6 13. Nf3 O-O-O 14. Qf4 Qa5 15. Qd2 f6 16. g4 Nfe7 17. Ba3 Rde8 {0-1 (39) Motylev,A (2661)-Lagarde,M (2615) Bastia 2018}) 10... Nc6 11. Ne2 O-O 12. O-O $146 ({Predecessor:} 12. f4 f6 13. h4 b5 14. Qh3 Nh6 15. g4 f5 16. g5 Nf7 17. g6 hxg6 {1-0 (25) Biolek,R (2449)-Cech,P (2371) Czech Republic 2017}) 12... f6 13. f4 Bd7 14. Qh3 b5 15. Ng3 Nxg3 16. Qxg3 fxe5 (16... a5 {keeps more tension.} 17. Qe1 h6 18. Rb1 Rab8 19. Bg4 Qb6) 17. dxe5 a5 18. Be3 Ne7 19. Bg4 Ra6 20. Qf2 Ng6 21. Qg3 Raa8 22. Bd4 Ne7 23. Qe3 Ra6 24. Bc5 Be8 {Accuracy: White = 72%, Black = 52%.} (24... Nf5 $11 25. Qf2 Rc8) 1/2-1/2

[Event "GER-ch Youth U18 2019"]
[Site "Willingen"]
[Date "2019.06.09"]
[Round "2.9"]
[White "Schmider, Niklas"]
[Black "Engel, Robert"]
[Result "1-0"]
[WhiteElo "2300"]
[BlackElo "2067"]
[Annotator "NA"]
[PlyCount "50"]
[EventDate "2019.06.07"]
[EventType "swiss"]
[EventRounds "9"]
[EventCountry "GER"]
[SourceTitle "playchess.com"]
[Source "ChessBase"]
[SourceQuality "1"]
[TimeControl "40/5400+30:1800+30"]

1. e4 {[%emt 0:00:00]} c5 {[%emt 0:00:00]} 2. Nf3 {[%emt 0:00:00]} d6 {[%emt 0:00:00]} 3. d4 {[%emt 0:00:00]} cxd4 {[%emt 0:00:00]} 4. Nxd4 {[%emt 0:00:00]} Nf6 {[%emt 0:00:00]} 5. Nc3 {[%emt 0:00:00]} a6 {[%emt 0:00:02]} 6. h4 {[%emt 0:00:00]} e5 {[%emt 0:00:46]} 7. Nb3 {[%emt 0:00:00]} Be7 {[%emt 0:03:14]} 8. Bg5 {[%emt 0:00:10]} Be6 {[%emt 0:02:01]} 9. Bxf6 {[%emt 0:00:19]} Bxf6 {[%emt 0:00:49]} 10. g3 {[%emt 0:00:16]} O-O {[%emt 0:04:10]} 11. Qd2 {[%emt 0:00:38]} Be7 {[%emt 0:05:07]} 12. O-O-O {[%emt 0:02:17]} Nd7 {[%emt 0:00:54]} 13. f4 {[%emt 0:03:57]} Nf6 {[%emt 0:20:24]} 14. f5 {[%emt 0:01:07]} Bd7 {[%emt 0:02:23]} 15. g4 {[%emt 0:10:37]} Nxg4 {[%emt 0:04:19]} 16. Rg1 {[%emt 0:03:50]} h5 {[%emt 0:00:19]} 17. Bh3 {[%emt 0:23:36]} Bxh4 {[%emt 0:04:20]} 18. Kb1 {[%emt 0:19:39]} Nf2 {[%emt 0:17:55]} 19. f6 {[%emt 0:14:23]} g6 {[%emt 0:05:39]} 20. Bxd7 {[%emt 0:00:06]} Nxd1 {[%emt 0:01:12]} 21. Nd5 {[%emt 0:00:34]} Kh7 {[%emt 0:04:29]} 22. Bf5 {[%emt 0:05:17]} Nf2 {[%emt 0:02:47]} 23. Qe2 {[%emt 0:01:18]} Kh6 {[%emt 0:03:38]} 24. Qe3+ {[%emt 0:00:32]} g5 {[%emt 0:01:22]} 25. Nd2 {[%emt 0:01:24]} Ng4 {[%emt 0:01:02] normal} 1-0